Information highways and byways : From the telegraph to the 21st century

Guardat en:
Dades bibliogràfiques
Autor principal: Lebow, Irwin
Format: Llibre
Idioma:Undetermined
Publicat: New York Ieee Press 1995
Matèries:
Etiquetes: Afegir etiqueta
Sense etiquetes, Sigues el primer a etiquetar aquest registre!
Thư viện lưu trữ: Trung tâm Học liệu Trường Đại học Cần Thơ
LEADER 00546nam a2200205Ia 4500
001 CTU_86928
008 210402s9999 xx 000 0 und d
082 |a 302.2 
082 |b L467 
100 |a Lebow, Irwin 
245 0 |a Information highways and byways : 
245 0 |b From the telegraph to the 21st century 
245 0 |c Irwin Lebow 
260 |a New York 
260 |b Ieee Press 
260 |c 1995 
650 |a Telecommunication 
650 |x History 
904 |i Tuyến 
980 |a Trung tâm Học liệu Trường Đại học Cần Thơ